La coopération dans la République Tchécoslovaque / (Registro nro. 150653)

Detalles MARC
000 -LEADER
campo de control de longitud fija 00404nam a2200145 i 4500
001 - NÚMERO DE CONTROL
campo de control 150653
003 - IDENTIFICADOR DE NÚMERO DE CONTROL
campo de control ES-MaACL
005 - FECHA Y HORA DE LA ÚLTIMA TRANSACCIÓN
campo de control 20230906203623.0
007 - CAMPO FIJO DE DESCRIPCIÓN FÍSICA--INFORMACIÓN GENERAL
campo de control de longitud fija t|
008 - DATOS DE LONGITUD FIJA--INFORMACIÓN GENERAL
campo de control de longitud fija 071105s1923 xr ||||1| fre d
100 1# - ENTRADA PRINCIPAL--NOMBRE DE PERSONA
Nombre de persona Dvorák, Ladislav Fr.
9 (RLIN) 46399
245 13 - MENCIÓN DEL TÍTULO
Título La coopération dans la République Tchécoslovaque /
Mención de responsabilidad, etc. L. F. Dvorák.
260 ## - PUBLICACIÓN, DISTRIBUCIÓN, ETC.
Lugar de publicación, distribución, etc. Prague :
Nombre del editor, distribuidor, etc. [s.n.,
Fecha de publicación, distribución, etc. 1923?]
852 ## - LOCALIZACIÓN
Ubicación ES-MaACL
Número de control de estantería 1643-F-3
Existencias
Estatus retirado Estado de pérdida Estado de daño No para préstamo Colección Biblioteca de origen Biblioteca actual Ubicación en estantería Fecha de adquisición Fuente de adquisición Total de préstamos Signatura topográfica completa Código de barras Visto por última vez Precio de reemplazo Tipo de ítem Koha
        Colección de folletos Biblioteca del Ateneo de Madrid Biblioteca del Ateneo de Madrid Depósito folletos 17/01/2008     1643-F-3 1157199 23/02/2023 23/02/2023 Folleto